| 000 | 00475nam a2200181Ia 4500 | ||
|---|---|---|---|
| 005 | 20250507125814.0 | ||
| 008 | 008 250505s9999 xx 000 0 kor d | ||
| 020 | _a8809270580227 | ||
| 037 | _aAudio | ||
| 040 |
_aEASL _beng _cEASL |
||
| 041 |
_akor _2eng |
||
| 084 |
_aCD00322-324 _qEASL |
||
| 245 | 0 | _aMen in Melaq – 2011 the first live concert DVD | |
| 490 | _vV.3 | ||
| 650 | _aKorean | ||
| 942 |
_cAUD _hCD00322-324 |
||
| 999 |
_c1313307 _d1313307 |
||